00443nam a2200169Ia 4500999001500000003000400015005001700019008004100036020001500077040000900092082001700101100002100118245004300139260004200182300000900224942004000233 c6402d6402OSt20200122155508.0190216s9999||||xx |||||||||||||| ||und|| a8176637858 coclc a658.3bAHU/H aAhuja, K K91378 0aHuman Resource Management /cK K Ahuja bKalyani Publishers,c2000.aLudhiana: a425p cBK2ddch658.3iAHU/Hk658.3mAHU/H